|
|
|
|
| LEADER |
00000nam0a2200000 4500 |
| 001 |
254657 |
| 005 |
20231101232945.0 |
| 010 |
|
|
|a 5211007255
|
| 035 |
|
|
|a (RuTPU)RU\TPU\book\277145
|
| 090 |
|
|
|a 254657
|
| 100 |
|
|
|a 20140322d1988 m y0rusy50 ca
|
| 101 |
0 |
|
|a rus
|
| 102 |
|
|
|a RU
|
| 105 |
|
|
|a a j 001zy
|
| 200 |
1 |
|
|a Природа физико-механических свойств массивов горных пород
|e [учебное пособие]
|f Л. В. Шаумян
|g Московский государственный университет им. М. В. Ломоносова (МГУ)
|
| 210 |
|
|
|a Москва
|c Изд-во Московского ун-та
|d 1988
|
| 215 |
|
|
|a 192 с.
|c ил.
|
| 320 |
|
|
|a Библиогр.: с. 186-191.
|
| 606 |
1 |
|
|a Грунты скальные
|x Физико-механические свойства
|2 stltpush
|3 (RuTPU)RU\TPU\subj\8853
|9 36186
|
| 610 |
1 |
|
|a массивы горных пород
|
| 610 |
1 |
|
|a понятие
|
| 610 |
1 |
|
|a изучение
|
| 610 |
1 |
|
|a оценка
|
| 610 |
1 |
|
|a корреляционный метод
|
| 610 |
1 |
|
|a петрогенетические аспекты
|
| 610 |
1 |
|
|a тектонические нарушения
|
| 610 |
1 |
|
|a напряженное состояние
|
| 610 |
1 |
|
|a инженерно-геологическая оценка
|
| 610 |
1 |
|
|a учебные пособия
|
| 675 |
|
|
|a 624.12(075.8)
|v 3
|
| 700 |
|
1 |
|a Шаумян
|b Л. В.
|g Лорина Ваграмовна
|
| 712 |
0 |
2 |
|a Московский государственный университет им. М. В. Ломоносова (МГУ)
|2 stltpush
|3 (RuTPU)RU\TPU\col\7
|
| 801 |
|
1 |
|a RU
|b 63413507
|c 20140322
|
| 801 |
|
2 |
|a RU
|b 63413507
|c 20140415
|g RCR
|
| 942 |
|
|
|c BK
|